<?xml version="1.0" encoding="UTF-8"?>
<record
    xmlns:xsi="http://www.w3.org/2001/XMLSchema-instance"
    xsi:schemaLocation="http://www.loc.gov/MARC21/slim http://www.loc.gov/standards/marcxml/schema/MARC21slim.xsd"
    xmlns="http://www.loc.gov/MARC21/slim">

  <leader>02398nam a22001697a 4500</leader>
  <controlfield tag="008">150715b        xxu||||| |||| 00| 0 eng d</controlfield>
  <datafield tag="020" ind1=" " ind2=" ">
    <subfield code="a">978041559640</subfield>
  </datafield>
  <datafield tag="050" ind1=" " ind2=" ">
    <subfield code="a">P90.F58</subfield>
  </datafield>
  <datafield tag="100" ind1=" " ind2=" ">
    <subfield code="a">FISKE, John.</subfield>
  </datafield>
  <datafield tag="245" ind1=" " ind2=" ">
    <subfield code="a">Introduction to communication studies. /</subfield>
  </datafield>
  <datafield tag="250" ind1=" " ind2=" ">
    <subfield code="a">3rd ed.</subfield>
  </datafield>
  <datafield tag="260" ind1=" " ind2=" ">
    <subfield code="a">London:</subfield>
    <subfield code="b">Routledge, </subfield>
    <subfield code="c">2011</subfield>
  </datafield>
  <datafield tag="300" ind1=" " ind2=" ">
    <subfield code="a">li, 195p.:</subfield>
    <subfield code="b">ills.;</subfield>
    <subfield code="c">22cm</subfield>
  </datafield>
  <datafield tag="500" ind1=" " ind2=" ">
    <subfield code="a">Includes index.</subfield>
  </datafield>
  <datafield tag="505" ind1=" " ind2=" ">
    <subfield code="a">Contents: Introduction: What is communication?: Communication theory: Origins -- Shannon and Weaver's model (1949) -- Redundancy and entropy -- Channel, medium, code -- Feedback -- Suggestions for further work -- Other models: Gerbner's model (1956) -- Lasswell's model (1948) -- Newcomb's model (1953) -- Westley and MacLean's model (1957) -- Jakobson's model (1960) -- Models and modelling -- Suggestions for further work -- Communication, meaning, and signs: Semiotics -- Signs and meaning -- Categories of signs -- Convention -- The organization of signs -- Suggestions for further work -- Codes: Codes: Basic concepts -- Analogue and digital codes -- Presentational codes -- Non-verbal communication -- Elaborated and restricted codes -- Broadcast and narrowcast codes -- Codes and commonality -- Convention and use -- Arbitrary codes (or logical codes) -- Aesthetic codes -- Suggestions for further work -- Signification: Denotation -- Connotation -- Myth -- Symbols -- Metaphor -- Metonymy -- Suggestions for further work -- Semiotic methods and applications: "A grief ago": poetic metaphor -- Pasta: visual metaphor -- Notting hill: realistic metonym -- Suggestions for further work -- Structuralist theory and applications -- Categorization and binary oppositions -- Anomalous categories -- Structured repetition -- Boundary rituals -- Nature and culture -- The structure of myth -- The structure of mass culture -- Application 1: ''The searchers" -- Application 2: the ''Weekly World News" -- Myth and social values -- Suggestions for further work -- Empirical methods: Empiricism -- Content analysis -- Content analysis and cultural values -- Semantic differential -- Uses and gratifications theory -- Audience ethnographies -- Suggestions for further work -- Ideology and meanings: Signification and culture -- Ideology -- Signs: ideology: meanings -- Understanding ideology -- Ideological analysis -- Resistances -- Suggestions for further work -- Conclusion</subfield>
  </datafield>
  <datafield tag="942" ind1=" " ind2=" ">
    <subfield code="2">lcc</subfield>
    <subfield code="c">BK</subfield>
  </datafield>
  <datafield tag="999" ind1=" " ind2=" ">
    <subfield code="c">5638</subfield>
    <subfield code="d">13138</subfield>
  </datafield>
  <datafield tag="952" ind1=" " ind2=" ">
    <subfield code="0">0</subfield>
    <subfield code="1">0</subfield>
    <subfield code="2">lcc</subfield>
    <subfield code="4">0</subfield>
    <subfield code="7">0</subfield>
    <subfield code="a">WIUC-1</subfield>
    <subfield code="b">WIUC-1</subfield>
    <subfield code="c">REF</subfield>
    <subfield code="d">2015-07-15</subfield>
    <subfield code="l">0</subfield>
    <subfield code="o">P90.F58</subfield>
    <subfield code="p">7881/308/15</subfield>
    <subfield code="r">2015-07-15 00:00:00</subfield>
    <subfield code="w">2015-07-15</subfield>
    <subfield code="y">BK</subfield>
  </datafield>
</record>
